000 00516nam a22001817a 4500
005 20260424134033.0
008 260424b |||||||| |||| 00| 0 eng d
037 _cDSWL
040 _aDSWL
_cDSWL
041 _hHindi
100 _aबिजलानी, रमेश
_91235681
245 _aकाव्या का फ़ैसला
260 _aNew Delhi,
_bNational Book Trust,
_c2015
300 _a28p
365 _aINR
_b60
942 _2CC
_cTEXL
_n0
999 _c1848518
_d1848518